[Event "Stockholm Scandic Ariadne"]
[Site "Stockholm"]
[Date "2016.11.04"]
[Round "1"]
[White "Akesson, Ralf"]
[Black "Nyberg, Bo"]
[Result "1-0"]
[WhiteElo "2416"]
[BlackElo "1932"]
[PlyCount "89"]
[EventDate "2016.11.04"]
[EventType "swiss"]
[EventRounds "8"]
[EventCountry "SWE"]
[SourceTitle "CBM 175 Extra"]
[Source "ChessBase"]
[SourceDate "2016.12.12"]
[SourceVersion "1"]
[SourceVersionDate "2016.12.12"]
[SourceQuality "1"]

1. Nf3 e6 2. c4 d5 3. d4 c6 4. Nbd2 f5 5. h3 Nf6 6. g4 Be7 7. Qc2 Ne4 8. gxf5 exf5 9. h4 Nd7 10. b3 Ndf6 11. Ne5 0-0 12. Bg2 Be6 13. c5 Nxd2 14. Bxd2 Ne4 15. h5 Bg5 16. Bxg5 Qxg5 17. Bf3 Qh6 18. Qc1 Qxc1+ 19. Rxc1 Ng5 20. Bg2 Nf7 21. Nd3 h6 22. Nf4 Bd7 23. e3 Ng5 24. Ke2 Rae8 25. Ng6 Rf6 26. f4 Ne4 27. Rh3 b6 28. Ne5 Rd8 29. Bxe4 fxe4 30. Rg3 Be8 31. Rcg1 Bxh5+ 32. Ke1 g6 33. Nxg6 Bxg6 34. Rxg6+ Rxg6 35. Rxg6+ Kh7 36. Rxc6 bxc5 37. Rxc5 Rd7 38. Rc6 h5 39. Kf2 Rg7 40. Rd6 h4 41. Rxd5 Kh6 42. Rd8 Kh5 43. Rd5+ Kg4 44. Rg5+ Rxg5 45. fxg5 1-0

[Event "Vasteras op"]
[Site "Vasteras"]
[Date "2016.09.23"]
[Round "1"]
[White "Sjodahl, Pontus"]
[Black "Nyberg, Bo"]
[Result "1-0"]
[WhiteElo "2418"]
[BlackElo "1917"]
[PlyCount "69"]
[EventDate "2016.09.23"]
[EventType "swiss"]
[EventRounds "8"]
[EventCountry "SWE"]
[SourceTitle "CBM 174 Extra"]
[Source "ChessBase"]
[SourceDate "2016.10.10"]
[SourceVersion "1"]
[SourceVersionDate "2016.10.10"]
[SourceQuality "1"]

1. d4 d5 2. c4 c6 3. Nf3 e6 4. g3 f5 5. Bg2 Nf6 6. 0-0 Be7 7. b3 0-0 8. Ba3 Ne4 9. Qc1 Nd7 10. Bxe7 Qxe7 11. Qa3 Re8 12. Qxe7 Rxe7 13. Rc1 Nd6 14. Nbd2 dxc4 15. bxc4 e5 16. c5 Nf7 17. e3 e4 18. Ne1 Nf6 19. Nc2 Nd5 20. a3 Be6 21. Nb4 Nxb4 22. axb4 Bd5 23. Bf1 a6 24. b5 cxb5 25. Bxb5 Rf8 26. Be2 Nd8 27. Rcb1 g5 28. Rb6 f4 29. Rd6 Bc6 30. Rb1 Re6 31. Bc4 Kf7 32. Bxe6+ Nxe6 33. d5 Nxc5 34. dxc6 bxc6 35. Rxc6 1-0

[Event "WchT Seniors 65"]
[Site "Radebeul"]
[Date "2016.07.04"]
[Round "9.19"]
[White "Svensson, Soren"]
[Black "Nyberg, Bo"]
[Result "1-0"]
[WhiteElo "1952"]
[BlackElo "1899"]
[PlyCount "69"]
[EventDate "2016.06.26"]
[EventType "team-swiss"]
[EventRounds "9"]
[EventCountry "GER"]
[SourceTitle "CBM 173 Extra"]
[Source "ChessBase"]
[SourceDate "2016.08.29"]
[SourceVersion "1"]
[SourceVersionDate "2016.08.29"]
[SourceQuality "1"]
[WhiteTeam "Sweden II"]
[BlackTeam "Sweden III"]
[WhiteTeamCountry "SWE"]
[BlackTeamCountry "SWE"]

1. d4 e6 2. c4 d5 3. cxd5 exd5 4. Nc3 f5 5. Nf3 Nf6 6. Qc2 c6 7. Bf4 Be7 8. e3 0-0 9. Bd3 Ne4 10. h4 Kh8 11. g3 Nd7 12. Ne5 Ndf6 13. f3 Nd6 14. h5 Qe8 15. g4 Kg8 16. Qh2 Nc4 17. Nxc4 dxc4 18. Bxc4+ Kh8 19. g5 Nd5 20. h6 Qg6 21. Be5 Rd8 22. hxg7+ Kg8 23. e4 fxe4 24. fxe4 b5 25. Bb3 Be6 26. exd5 Bxd5 27. Bxd5+ cxd5 28. Qh6 b4 29. Qxg6 hxg6 30. Nxd5 Bxg5 31. Ke2 Rac8 32. Rh8+ Kf7 33. Rf1+ Ke6 34. Rxd8 Rxd8 35. Rf8 1-0

[Event "WchT Seniors 65"]
[Site "Radebeul"]
[Date "2016.07.02"]
[Round "7.24"]
[White "Nyberg, Bo"]
[Black "Ziegenbein, Dieter"]
[Result "1-0"]
[WhiteElo "1899"]
[BlackElo "1701"]
[PlyCount "69"]
[EventDate "2016.06.26"]
[EventType "team-swiss"]
[EventRounds "9"]
[EventCountry "GER"]
[SourceTitle "CBM 173 Extra"]
[Source "ChessBase"]
[SourceDate "2016.08.29"]
[SourceVersion "1"]
[SourceVersionDate "2016.08.29"]
[SourceQuality "1"]
[WhiteTeam "Sweden III"]
[BlackTeam "Dresden Seniors"]
[WhiteTeamCountry "SWE"]
[BlackTeamCountry "GER"]

1. d4 Nf6 2. Bf4 e6 3. e3 b6 4. c3 d5 5. Bd3 Bd6 6. Nf3 Bxf4 7. exf4 Nbd7 8. Nbd2 Bb7 9. Qe2 Qe7 10. 0-0 0-0 11. Rfe1 Rfe8 12. f5 Qd6 13. Ne5 Re7 14. Nxd7 Qxd7 15. fxe6 Rxe6 16. Qf3 Rxe1+ 17. Rxe1 Re8 18. Re3 Rxe3 19. Qxe3 Qe8 20. h3 Qxe3 21. fxe3 Ne4 22. Bxe4 dxe4 23. Kf2 Bd5 24. c4 Bb7 25. Kg3 f5 26. Kf4 g6 27. g4 fxg4 28. hxg4 Kf7 29. Nxe4 Bxe4 30. Kxe4 Kf6 31. Kf4 h5 32. gxh5 gxh5 33. e4 c6 34. d5 cxd5 35. cxd5 1-0

[Event "WchT Seniors 65"]
[Site "Radebeul"]
[Date "2016.06.28"]
[Round "3.3"]
[White "Aroua, Ahmed"]
[Black "Nyberg, Bo"]
[Result "0-1"]
[WhiteElo "1516"]
[BlackElo "1899"]
[PlyCount "60"]
[EventDate "2016.06.26"]
[EventType "team-swiss"]
[EventRounds "9"]
[EventCountry "GER"]
[SourceTitle "CBM 173 Extra"]
[Source "ChessBase"]
[SourceDate "2016.08.29"]
[SourceVersion "1"]
[SourceVersionDate "2016.08.29"]
[SourceQuality "1"]
[WhiteTeam "Tunisia"]
[BlackTeam "Sweden III"]
[WhiteTeamCountry "TUN"]
[BlackTeamCountry "SWE"]

1. e4 e6 2. d4 d5 3. e5 c5 4. c3 Nc6 5. Nf3 Qb6 6. Bd3 Bd7 7. dxc5 Qc7 8. Bf4 Bxc5 9. 0-0 Nge7 10. b4 Bb6 11. Na3 a6 12. Qd2 Ng6 13. Bg3 Nce7 14. Nc2 Rc8 15. c4 dxc4 16. Bxg6 hxg6 17. Rad1 Nf5 18. Bf4 Bc6 19. Bg5 Bxf3 20. gxf3 f6 21. Be3 Bxe3 22. fxe3 Rd8 23. Qxd8+ Qxd8 24. Rxd8+ Kxd8 25. e4 Nh4 26. Nd4 Ke7 27. exf6+ gxf6 28. b5 e5 29. bxa6 exd4 30. axb7 Rb8 0-1

[Event "Hallstahammar op"]
[Site "Hallstahammar"]
[Date "2004.09.11"]
[Round "6"]
[White "Janse, Love"]
[Black "Nyberg, Bo"]
[Result "1-0"]
[WhiteElo "2119"]
[BlackElo "1903"]
[PlyCount "69"]
[EventDate "2004.09.10"]
[EventType "swiss"]
[EventRounds "8"]
[EventCountry "SWE"]
[SourceTitle "EXT 2005"]
[Source "ChessBase"]
[SourceDate "2004.11.15"]
[SourceVersion "1"]
[SourceVersionDate "2004.11.15"]
[SourceQuality "1"]

1. e4 e6 2. d3 d5 3. Nd2 c5 4. Ngf3 Nf6 5. g3 Nc6 6. Bg2 d4 7. 0-0 e5 8. Ne1 Bd6 9. f4 Bg4 10. Ndf3 Nd7 11. h3 Bxf3 12. Nxf3 Qe7 13. Bd2 0-0 14. f5 b5 15. g4 f6 16. g5 Rfc8 17. g6 hxg6 18. fxg6 Nf8 19. Nh4 Qe8 20. Bf3 Ne7 21. Bh5 Rc7 22. Qg4 Qd7 23. Nf5 Nc6 24. Qh4 Be7 25. Bg4 Qe8 26. Nxg7 Qxg6 27. Nf5 Nh7 28. Kh2 Ng5 29. Nxe7+ Rxe7 30. Rxf6 Qxf6 31. Bxg5 Qf7 32. Bf6 Qh7 33. Qg5+ Rg7 34. Be6+ Kf8 35. Bxg7+ 1-0